Španělsko
Stručná charakteristika Španielskeho kráľovstva. Pohľad na národné, povahové a obchodné zvyklosti v Španielsku.
Salvato in:
| Autore principale: | |
|---|---|
| Natura: | Capitolo di libro |
| Lingua: | ceco |
| Soggetti: | |
| Tags: |
Nessun Tag, puoi essere il primo ad aggiungerne!!
|
MARC
| LEADER | 00000naa a2200000 4500 | ||
|---|---|---|---|
| 001 | r045244 | ||
| 005 | 20231004100202.4 | ||
| 041 | 0 | |a cze | |
| 044 | |a CZ | ||
| 245 | 1 | 0 | |a Španělsko |c Tomáš Poucha |
| 520 | |a Stručná charakteristika Španielskeho kráľovstva. Pohľad na národné, povahové a obchodné zvyklosti v Španielsku. | ||
| 610 | 2 | 0 | |a zvyklosti obchodné |
| 610 | 2 | 0 | |a Španielsko |
| 610 | 2 | 0 | |a kultúra |
| 610 | 2 | 0 | |a etika |
| 610 | 2 | 0 | |a partneri obchodní |
| 100 | 1 | |a Poucha, Tomáš | |